Statistics for Toddler First Words A-Z

Click here to take the quiz!

General Stats

  • This quiz has been taken 20 times
  • The average score is 11 of 23

Answer Stats

HintAnswer% Correct
C (Animal)Cat
83%
D (Human)Dad
83%
G (Colour)Green
72%
H (Emotion)Happy
67%
M (Human)Mum
61%
O (Colour)Orange
61%
R (Colour)Red
61%
Y (Colour)Yellow
61%
N (Human)Nana
56%
P (Colour)Purple
56%
E (Animal)Elephant
50%
K (Animal)Kangaroo
44%
I (Food)Ice Cream
39%
U (Human)Uncle
39%
A (Subject)Art
33%
F (Important)Food
33%
J (Food)Jam
33%
Q (Human)Queen
33%
S (Animal)Snake
33%
B (Living)Brother
22%
W (Important)Water
22%
T (Important)Teeth
17%
L (Food)Lolly
11%

Score Distribution

Percentile by Number Answered

Percent of People with Each Score

Your Score History

You have not taken this quiz